[Event "SWE-CH"]
[Site "Eskilstuna"]
[Date "2019.07.14"]
[Round "9.5"]
[White "Smith, Axel"]
[Black "Cramling, Pia"]
[Result "0-1"]
[WhiteElo "2469"]
[BlackElo "2479"]

1.d4 Nf6 2.c4 e6 3.Nc3 Bb4 4.f3 c5 5.d5 d6 6.e4 O-O 7.Ne2 Re8 8.Ng3 b5 9.
Bf4 Qb6 10.Bd2 exd5 11.Nxd5 Nxd5 12.cxd5 Bxd2+ 13.Qxd2 Nd7 14.Be2 c4 15.h4
Ne5 16.h5 h6 17.f4 Nd7 18.Kf1 Nc5 19.Qc2 Bd7 20.Re1 Rac8 21.Qb1 b4 22.f5 
Bb5 23.Rh4 Nd3 24.Nh1 c3 25.bxc3 Nxe1 26.Bxb5 Qxb5+ 27.Kxe1 Rxc3 28.Rh3 
Qc4 29.Rxc3 Rxe4+ 30.Kf2 bxc3 31.Ng3 Qd4+ 0-1